Normal view
MARC view
Entry Meeting Name
001 - CONTROL NUMBER
- control field: 977939
003 - CONTROL NUMBER IDENTIFIER
- control field:
005 - DATE AND TIME OF LATEST TRANSACTION
- control field: 20210627113155.0
008 - FIXED-LENGTH DATA ELEMENTS
- fixed length control field: 210627|| aca||aabn | a|a d
040 ## - CATALOGING SOURCE
- Original cataloging agency:
- Transcribing agency:
111 ## - HEADING--MEETING NAME
- Meeting name or jurisdiction name as entry element: International machine tool design and research conference
- Number of part/section/meeting: (14th :
- Date of meeting or treaty signing: 1973, September 12-14 :
- Location of meeting: Manchester)
670 ## - SOURCE DATA FOUND
- Source citation: Work cat.: ()857581: International machine tool design and research conference (14th : 1973, September 12-14 : Manchester), Proceedings of the fourteenth international machine tool design and research conference held in Manchester 12-14 september 1973 /, c1974
